Obálka Náhled e-knihy:
Epub
Pro půjčování e-knih musíte být přihlášeni.
Jak si půjčit online?

Havran a jiné básně /

Havran (v orig. The Raven, v přesném překladu Krkavec) je jedna z nejznámějších básní významného amerického básníka Edgara Allana Poea, poprvé byla vydána 29. ledna 1845 v novinách New York Evening Mirror. Vvypravěčem je hlavní postava, osamělý muž trýzněný horečkou a především mučivými vzpomínkami...

Celý popis

Uloženo v:
Hlavní autor: Poe, Edgar Allan (Autor)
Médium: E-kniha
Jazyk:Czech
Vydáno: Praha : Artis, 2022
Tagy:
Žádné tagy
LEADER 01677nam a22002297i 4500
001 311620
007 ta
008 260601s2022 xr ||||| |||| 00| 0 cze d
020 |a 9990003575333 
044 |a xr 
100 1 |a  Poe, Edgar Allan  |4 aut 
245 1 0 |a Havran a jiné básně /  |c  Poe, Edgar Allan 
240 1 0 |a The Raven 
264 1 |a Praha :  |b Artis,  |c 2022 
300 |a 1 online zdroj (26 stran) 
336 |a text  |b txt  |2 rdacontent 
337 |a bez média  |b n  |2 rdamedia 
338 |a online zdroj  |b cr  |2 rdacarrier 
520 2 |a Havran (v orig. The Raven, v přesném překladu Krkavec) je jedna z nejznámějších básní významného amerického básníka Edgara Allana Poea, poprvé byla vydána 29. ledna 1845 v novinách New York Evening Mirror. Vvypravěčem je hlavní postava, osamělý muž trýzněný horečkou a především mučivými vzpomínkami na zemřelou dívku Leonoru, k níž marně hledá cestu čtením v okultních svazcích. Vypravěče vystraší o půlnoci šramot. Ukáže se, že původcem podivných zvuků je krkavec, který vzápětí vletí do jeho pokoje a usadí se na bustě Pallas Athény. Postupně znepokojuje muže svou záhadností. Mužův neklid se stupňuje v paniku a posléze v hrůzu. Snaží se krkavce vyhnat, ten ale zůstává na svém místě... 
910 |a RBIT002 
998 |d 357533  |a https://core.palmknihy.cz/api/books/357533/cover?rftsyn  |b https://core.palmknihy.cz/api/books/357533/cover/400?rftsyn  |c https://core.palmknihy.cz/api/books/357533/cover/50?rftsyn  |e 2099-08-01  |g 26  |i 9990003575333  |j https://core.palmknihy.cz/api/books/357533/preview.epub  |l   |q 49  |r 1  |s https://www.palmknihy.cz/kniha/357533  |t ebook  |y 2022  |z 1 
999 |d 311618